000 00783nam a2200253Ia 4500
003 OSt
005 20220927112120.0
006 a|||||r|||| 00| 0
007 ta
008 220926b |||||||| |||| 00| 0 eng d
024 _a110481
037 _cReports
040 _aRTL
_cRTL
_beng
041 _2eng
_aeng
082 _a"X9(M71).2.N60t, K2"
111 _aCotton Textile Industry (Working group for-) (Chairman : D S Joshi) (1960 : India)
_9383169
245 0 _aReport
260 _aDelhi
_bManager Of Publication India
_c1962
300 _a102p.
_ccm.
490 _a"National Industrial Development Corporation, Publication"
650 _aCotton Industry
_9356596
942 _h"X9(M71).2.N60t, K2"
_cCC
999 _c699835
_d699835